ECB measures to stabilise the economy

Operácie ECB s cieľom zabezpečenia likvidity komerčným bankám. LTRO a TLTRO.

Salvato in:
Dettagli Bibliografici
Autore principale: Makúch, Jozef, 1953-
Natura: Capitolo di libro
Lingua:inglese
Soggetti:
Tags: Aggiungi Tag
Nessun Tag, puoi essere il primo ad aggiungerne!!

MARC

LEADER 00000naa$a2200000$$$4500
001 0194815
005 20240502073251.0
041 0 |a eng 
044 |a SK 
245 1 0 |a ECB measures to stabilise the economy  |c Jozef Makúch 
520 |a Operácie ECB s cieľom zabezpečenia likvidity komerčným bankám. LTRO a TLTRO. 
610 2 0 |a miera úroková 
610 2 0 |a Európska centrálna banka 
610 2 0 |a likvidita 
610 2 0 |a bankrot 
610 2 0 |a trh medzibankový 
610 2 0 |a operácie bankové 
610 2 0 |a financovanie 
100 1 |a Makúch, Jozef, 1953-